| 000 | 00484nam a2200181Ia 4500 | ||
|---|---|---|---|
| 003 | OSt | ||
| 005 | 20241217154649.0 | ||
| 008 | 210210b xxu||||| |||| 00| 0 eng d | ||
| 040 | _cAL | ||
| 041 | _akan | ||
| 082 | _a853/394 | ||
| 100 |
_aLAKSHMANA RAV PURI (V) _9161805 _dಲಕ್ಷ್ಮಣ ರಾವ್ ಪುರಿ (ವಿ) |
||
| 245 |
_aDashavatara: _bದಶಾವತಾರ |
||
| 260 |
_aHubballi _b- |
||
| 690 |
_aKannada Drama _9161806 |
||
| 906 | _a019669 | ||
| 942 |
_2ddc _cBK |
||
| 999 |
_c143810 _d143810 |
||